शहीदनामा : (Record no. 112537)

MARC details
000 -LEADER
fixed length control field 01116nam a22002537a 4500
005 - DATE AND TIME OF LATEST TRANSACTION
control field 20170124102940.0
010 ## - LIBRARY OF CONGRESS CONTROL NUMBER
LC control number A-990783
020 ## - INTERNATIONAL STANDARD BOOK NUMBER
Terms of availability 00.00
035 ## - SYSTEM CONTROL NUMBER
System control number A-990783
037 ## - SOURCE OF ACQUISITION
Source of stock number/acquisition Cen Lib/Ret
040 ## - CATALOGING SOURCE
Original cataloging agency DPL
Language of cataloging HN
082 ## - DEWEY DECIMAL CLASSIFICATION NUMBER
Classification number 954.0841
Item number घोषका
100 ## - MAIN ENTRY--PERSONAL NAME
Personal name घोष, कालीचरण
9 (RLIN) 43761
245 ## - TITLE STATEMENT
Title शहीदनामा :
Statement of responsibility, etc कालीचरण घोष; अनुवादक शंकर सहाय सक्सेना
Remainder of title आज़ादी की संघर्ष-कथा /
246 ## - VARYING FORM OF TITLE
Title proper/short title Shaheednama : azadi ki sangharsh-katha /
Remainder of title by Kalicharan Ghosh; anuvadak Shankar Sahay Saxena
260 ## - PUBLICATION, DISTRIBUTION, ETC. (IMPRINT)
Name of publisher, distributor, etc ग्रन्थविकास
300 ## - PHYSICAL DESCRIPTION
Extent 264पृ.
Dimensions 19सेमी (सजिल्द)
650 ## - SUBJECT ADDED ENTRY--TOPICAL TERM
Topical term or geographic name as entry element इतिहास
General subdivision ब्रिटिश शासन
9 (RLIN) 48088
650 ## - SUBJECT ADDED ENTRY--TOPICAL TERM
Topical term or geographic name as entry element आज़ादी की कथा
9 (RLIN) 48089
650 ## - SUBJECT ADDED ENTRY--TOPICAL TERM
Topical term or geographic name as entry element History
General subdivision British rule
9 (RLIN) 48090
650 ## - SUBJECT ADDED ENTRY--TOPICAL TERM
Topical term or geographic name as entry element Legend of freedom
9 (RLIN) 48091
700 ## - ADDED ENTRY--PERSONAL NAME
Personal name सक्सेना, शंकर सहाय
9 (RLIN) 48092
942 ## - ADDED ENTRY ELEMENTS (KOHA)
Source of classification or shelving scheme Dewey Decimal Classification
Koha item type Hindi Books
Classification part 954.0841
Call number suffix घोषका
Holdings
Withdrawn status Lost status Damaged status Not for loan Home library Current library Date acquired Source of acquisition Cost, normal purchase price Total Checkouts Full call number Barcode Date last seen Date checked out Copy number Cost, replacement price Price effective from Koha item type
        Central Library Central Library 08/08/2015 Cen Lib/Ret 0.00 1 954.0841 घोषका A-990783 02/07/2018 23/06/2018 1 0.00 08/08/2015 Hindi Books

© Delhi Public Library
Hit Counter
free hit counter